| 000 | 00773nam a22002057a 4500 | ||
|---|---|---|---|
| 999 |
_c586 _d586 |
||
| 003 | AR-CdUCM | ||
| 008 | 190225b ||||| |||| 00| 0 spa d | ||
| 040 |
_aMUNICIPALIDAD PROVINCIAL DEL CUSCO _cBIBLIOTECA MUNICIPAL DEL CUSCO |
||
| 082 |
_a868.6 / _bEN66 |
||
| 100 |
_aEntralgo, Pedro Lain _92294 |
||
| 245 | _aEl hombre y la cultura en el siglo XX / | ||
| 260 |
_aEspaƱa : _bEdic. Guadarrama SL, _c1957 |
||
| 300 |
_a380 paginas ; _c18.5 cm. |
||
| 505 | _aEl hombre en el siglo XX --Conocimiento del hombre negro --El problema de la personalidad humana --El hombre y la adversidad --El conocimiento del hombre en el siglo XX ... | ||
| 650 |
_aCultura _9126 |
||
| 650 |
_aHistoria _9246 |
||
| 650 |
_aCronologia _963 |
||
| 942 |
_2ddc _cLIBROS |
||
| 945 |
_arjall _d2019-02_25 |
||